Score 0/20 Timer 06:00
0 Plays Today
Question Answer % Correct
Tigers have striped ________, not just striped furSkin
77.6%
A shrimp's heart is in its _______Head
65.6%
An ostrich's eye is bigger than its _________Brain
64.9%
A person uses, approximately, fifty-seven sheets of _______ _______ each dayToilet Paper
59.8%
Altogether, Americans eat ___________ pounds of chocolate every second100
38.9%
In 1894, the carnival made its debut in ______ ____________North America
38.3%
Touching and stroking a __________ will aid in it growing healthyPlant
30.4%
40% of McDonald's profits come from the sales of ______ ________.Happy Meals
29.9%
Rapper LL Cool J's name is an acronym for ________________Ladies Love Cool James
21.6%
One billion seconds is about ___ years.32
20.9%
Question Answer % Correct
The dot over the 'i' is called a __________Tittle
15.6%
The month of December is the most popular month for ____________ in the PhilippinesWeddings
15.4%
The almond is a member of the _______ familyPeach
15%
In _________, September 20 is 'Love Your Teeth Day.China
5.8%
Houdini's real name was ________ WeissEhrich
3.9%
There are ____ dimples on a regulation golf ball336
3.5%
The most overdue book in the world was borrowed from _______ ______________College in Cambridge, England and was returned 288 years laterSidney Sussex
1.2%
India has the most ______ _________ in the worldPost Offices
0.9%
The Boeing 737 is nicknamed the ___________Fat Albert
0.8%
There are five years in a _______________Quinquennium
0.5%
Remove Ads.
Support Sporcle.
Get the best of Sporcle when you Go Orange. This ad-free experience offers more features, more stats, and more fun while also helping to support Sporcle. Thank you for becoming a member.

You're not logged in!

Compare scores with friends on all Sporcle quizzes.
OR
Log In

Show Comments

Extras

Created Dec 13, 2009SourceReportNominate
Tags:useless

Top Quizzes Today


Score Distribution

Your Account Isn't Verified!

In order to create a playlist on Sporcle, you need to verify the email address you used during registration. Go to your Sporcle Settings to finish the process.

Report this User

Report this user for behavior that violates our Community Guidelines.

Details: